000 004830000a22001810004500
003 MACL
005 20160310170324.0
008 160310b xxu||||| |||| 00| 0 eng d
040 _aMACL
_cMACL
041 _aHindi
082 _a891.433
100 _aमीना अग्रवाल
_944710
245 _aउस पार
260 _bअभिव्‍यंजना
_c1984
_aदिल्‍ली
350 _a25
650 _aNovel
_944711
942 _cHIN
_k891.431
_2ddc
999 _c28554
_d28554